|
|
|
|
| LEADER |
01873nam a2200469 i 4500 |
| 001 |
EBC4337991 |
| 003 |
MiAaPQ |
| 005 |
20200520144314.0 |
| 006 |
m o d | |
| 007 |
cr cnu|||||||| |
| 008 |
160205t20162016enk ob 001 0 eng d |
| 020 |
|
|
|z 9781474224475
|
| 020 |
|
|
|z 9781474224482
|
| 020 |
|
|
|z 9781474224512 (ePDF)
|
| 020 |
|
|
|z 9781474224505 (ePub)
|
| 035 |
|
|
|a (MiAaPQ)EBC4337991
|
| 035 |
|
|
|a (Au-PeEL)EBL4337991
|
| 035 |
|
|
|a (CaPaEBR)ebr11146593
|
| 035 |
|
|
|a (OCoLC)935323954
|
| 040 |
|
|
|a MiAaPQ
|b eng
|e rda
|e pn
|c MiAaPQ
|d MiAaPQ
|
| 043 |
|
|
|a e-uk---
|
| 050 |
|
4 |
|a JV7625
|b .M336 2016
|
| 082 |
0 |
|
|a 304.841009045
|2 23
|
| 100 |
1 |
|
|a McDowell, Linda,
|e author.
|
| 245 |
1 |
0 |
|a Migrant women's voices /
|c Linda McDowell.
|
| 264 |
|
1 |
|a London, England :
|b Bloomsbury Academic,
|c 2016.
|
| 264 |
|
4 |
|c 2016
|
| 300 |
|
|
|a 1 online resource (281 pages)
|
| 336 |
|
|
|a text
|2 rdacontent
|
| 337 |
|
|
|a computer
|2 rdamedia
|
| 338 |
|
|
|a online resource
|2 rdacarrier
|
| 504 |
|
|
|a Includes bibliographical references and index.
|
| 588 |
|
|
|a Description based on online resource; title from PDF title page (ebrary, viewed February 2, 2016).
|
| 590 |
|
|
|a Electronic reproduction. Ann Arbor, MI : ProQuest, 2016. Available via World Wide Web. Access may be limited to ProQuest affiliated libraries.
|
| 650 |
|
0 |
|a Immigrants
|x Employment
|z Great Britain.
|
| 650 |
|
0 |
|a Women
|x Employment
|z Great Britain.
|
| 650 |
|
0 |
|a Women migrant labor
|z Great Britain.
|
| 651 |
|
0 |
|a Great Britain
|x Emigration and immigration
|x History
|y 20th century.
|
| 655 |
|
4 |
|a Electronic books.
|
| 776 |
0 |
8 |
|i Print version:
|a McDowell, Linda.
|t Migrant women's voices.
|d London, England : Bloomsbury Academic, c2016
|h xii, 265 pages
|z 9781474224475
|
| 797 |
2 |
|
|a ProQuest (Firm)
|
| 856 |
4 |
0 |
|u https://ebookcentral.proquest.com/lib/matrademy/detail.action?docID=4337991
|z Click to View
|